| 000 | 00633nam a2200229Ia 4500 | ||
|---|---|---|---|
| 003 | OSt | ||
| 005 | 20230517114308.0 | ||
| 008 | 210423s2012 xx 000 0 und d | ||
| 020 | _a978-81-8450-432-3 | ||
| 040 | _cAL | ||
| 041 | _aeng | ||
| 082 | _a337.1 THAR | ||
| 100 |
_aTHAKUR (Anil Kumar);CHANDRAMOHAN (B P) _9106511 |
||
| 245 | _aRegionalism and multilateralism | ||
| 260 |
_aNew Delhi _bDeep and deep publication _c2012 |
||
| 300 |
_axxvii,459 _bHB |
||
| 365 |
_b1800 _cINR |
||
| 650 |
_aEconomics _9106512 |
||
| 650 |
_aInternational Economics _9106513 |
||
| 906 | _amultilateralism ; Regionalism | ||
| 942 |
_2ddc _cBK |
||
| 999 |
_c167558 _d167558 |
||